Comuni della Provincia di Pescara - Statistics

Statistiche generali
  • Questo quiz è stato fatto 30 volte
  • Il punteggio medio è 23 su 46
Statistiche sulle risposte
Comune % Corretto
Montesilvano
100%
Pescara
100%
Penne
86%
Popoli
86%
Cepagatti
79%
Abbateggio
71%
Bussi sul Tirino
71%
Caramanico Terme
71%
Città Sant'Angelo
71%
Loreto Aprutino
71%
Spoltore
71%
Alanno
64%
Farindola
64%
San Valentino in Abruzzo Citeriore
64%
Catignano
57%
Lettomanoppello
57%
Manoppello
57%
Scafa
57%
Brittoli
50%
Collecorvino
50%
Nocciano
50%
Pianella
50%
Torre de' Passeri
50%
Villa Celiera
50%
Civitella Casanova
43%
Cugnoli
43%
Elice
43%
Tocco da Casauria
43%
Bolognano
36%
Castiglione a Casauria
36%
Montebello di Bertona
36%
Picciano
36%
Rosciano
36%
Sant'Eufemia a Maiella
36%
Turrivalignani
36%
Cappelle sul Tavo
29%
Carpineto della Nora
29%
Moscufo
29%
Pescosansonesco
29%
Roccamorice
29%
Salle
29%
Vicoli
29%
Civitaquana
21%
Serramonacesca
21%
Corvara
14%
Pietranico
14%
Nessun quiz corrispondente trovato
Distribuzione punteggi
Percentuale di utenti per punteggio
Percentile per numero di risposta
I tuoi punteggi nel tempo
Non hai fatto questo quiz